| 000 | 00554nam 22001813 4500 | ||
|---|---|---|---|
| 001 | 202057 | ||
| 090 | _a202057 | ||
| 100 | _a20260506d u||y0pory50 ba | ||
| 200 |
_aNatação _fDirecção do Gerhard Lewin |
||
| 210 |
_aLisboa _cEditorial Estampa _d1978 |
||
| 215 |
_a345 p. _cbrochado _d22 cm |
||
| 606 |
_914416 _aDivertimentos públicos. Espetáculos. Cinema.Teatro. Dança. Jogos de mesa. Desportos |
||
| 610 | _anatação | ||
| 675 |
_a79 _vPT _zpor |
||
| 700 |
_917251 _aLewin _bGerhard |
||
| 801 |
_aPT _bBMMN _gRPC |
||
| 830 |
_cFernando _fFernando |
||
| 990 | _cLIVROS | ||